Flags with the Union Jack - Statistics

General Stats
  • This quiz has been taken 28 times
  • The average score is 21 of 34
Answer Stats
Picture Answer % Correct
Australia
100%
Fiji
100%
United Kingdom
100%
Tuvalu
95%
New Zealand
91%
Falkland Islands
86%
Hawaii
82%
Bermuda
77%
Cook Islands
73%
Anguilla
68%
Cayman Islands
64%
Turks and Caicos Islands
64%
British Indian Ocean Territory
59%
Montserrat
59%
Pitcairn Islands
59%
South Island
59%
Tasmania
59%
New South Wales
55%
Niue
55%
Queensland
55%
Victoria
55%
Western Australia
55%
Saint Helena
50%
South Australia
50%
South Georgia and the South Sandwich Islands
50%
Tristan da Cunha
50%
Ascension
45%
British Antarctic Territory
45%
British Columbia
45%
Manitoba
45%
North Island
45%
Ontario
45%
Ross Dependency
27%
Australian Antarctic Territory
23%
No matching quizzes found
Score Distribution
Percent of People with Each Score
Percentile by Number Answered
Your Score History
You have not taken this quiz